Mickey Mouse - Statistics

General Stats
  • This quiz has been taken 1,063 times
    1,051 since last reset
  • The average score is 8 of 12
Answer Stats
Hint Answer % Correct
A boy mouse Mickey
99%
A girl mouse Minnie
94%
A boy duck Donald
93%
clue number 1's dog Pluto
92%
A girl duck Daisy
88%
A crazy dog with a green hat Goofy
88%
A chipmunk Chip
58%
Another chipmunk Dale
56%
A large troublemaker Pete
46%
A cow Clarabelle
40%
A duck inventor Professor
14%
Clue number 7's dog Bella
10%
No matching quizzes found
Score Distribution
Percent of People with Each Score
Percentile by Number Answered
Your Score History
You have not taken this quiz since the last reset